Drummond Read (Record no. 120313)

MARC details
000 -LEADER
fixed length control field 00544cam a2200157 4500
001 - CONTROL NUMBER
control field WS122927
008 - FIXED-LENGTH DATA ELEMENTS--GENERAL INFORMATION
fixed length control field 030703n 000 0 eng u
035 ## - SYSTEM CONTROL NUMBER
System control number (Sirsi) u122927
110 ## - MAIN ENTRY--CORPORATE NAME
Corporate name or jurisdiction name as entry element Drummond Read
9 (RLIN) 4490
245 ## - TITLE STATEMENT
Title Drummond Read
520 ## - SUMMARY, ETC.
Summary, etc. Web site for this recruitment agency specialising in the fien arts, antiques and related proifessions.
650 ## - SUBJECT ADDED ENTRY--TOPICAL TERM
Topical term or geographic name entry element RECRUITMENT AGENCIES
690 ## - LOCAL SUBJECT ADDED ENTRY--TOPICAL TERM (OCLC, RLIN)
Topical term or geographic name as entry element Arts and antiques
9 (RLIN) 6217
856 40 - ELECTRONIC LOCATION AND ACCESS
Uniform Resource Identifier <a href="https://www.drummondread.com">https://www.drummondread.com</a>
Public note View the website free of charge at www.drummondread.com...
942 ## - ADDED ENTRY ELEMENTS (KOHA)
Suppress in OPAC 0
Holdings
Withdrawn status Lost status Source of classification or shelving scheme Damaged status Not for loan Home library Current library Shelving location Date acquired Total Checkouts Full call number Barcode Date last seen Copy number Price effective from Koha item type
    Dewey Decimal Classification     Virtual Virtual Online 03/07/2003   WEB SITE 122927-1001 06/08/2019 1 06/08/2019 Online material